Statistics for TV Show By Character Last Names

Click here to take the quiz!

General Stats

  • This quiz has been taken 71 times
  • The average score is 14 of 22

Answer Stats

NamesShow% Correct
Bing, Tribbiani. GellerFriends
91%
Crane, Moon, DoyleFrasier
86%
Costanza, Benes, KramerSeinfeld
86%
Cunningham, Malph, FonzarelliHappy Days
84%
Flanders, Szyslak, GumbleThe Simpsons
83%
Malone, Chambers, ClavinCheers
78%
Griffin, Quagmire, SwansonFamily Guy
78%
Ricardo, MertzI Love Lucy
74%
Tanner, Katsopolis, GibblerFull House
69%
Forman, Hyde, KelsoThat 70s Show
66%
Cooper, Hofstadler, WolowitzThe Big Bang Theory
66%
Scott, Schrute, BeaslyThe Office
66%
Stinson, Mosby, ScherbatskyHow I Met Your Mother
64%
White, Pinkman, GoodmanBreaking Bad
62%
Pierce, Houlihan, KlingerMASH
62%
Kramden, NortonThe Honeymooners
60%
Devereaux, Zbornak, NylundGolden Girls
53%
Lemon, Donaghy, Maroney30 Rock
52%
Benson, Stabler, TutuolaLaw and Order: SVU
43%
Morgan, Batista, MasukaDexter
34%
Gibbs, Sciuto, MallardNCIS
31%
Teller, Morrow, WinstonSons of Anarchy
16%

Score Distribution

Percentile by Number Answered

Percent of People with Each Score

Your Score History

You have not taken this quiz